Ampurias : historia de la ciudad y guía de las excavaciones / por Martín Almagro historia de la ciudad y guía de las excavaciones / por Martín Almagro
Publicado:
Barcelona :
Consejo Superior de Investigaciones Científicas : Instituto Rodrigo Caro de Arqueología y Prehistoria : Diputación Provincial de Barcelona. Servicio de Investigaciones Arqueológicas ,
1951
Descripción Física:
275 p. : il., [3] f. de làm. pleg. ; 17 cm
MARC
| LEADER | 00000nam a2200000Ia 4500 | ||
|---|---|---|---|
| 001 | 7973 | ||
| 003 | BGR | ||
| 005 | 20260324175633.0 | ||
| 008 | 160829s1951 xx 000 0 cat d | ||
| 080 | |a H-1-231 | ||
| 100 | 1 | |a Almagro Basch, Martín, |d 1911-1984 |9 23626 | |
| 245 | |a Ampurias : |b historia de la ciudad y guía de las excavaciones / por Martín Almagro | ||
| 250 | |a 2a ed., corr. y aum. | ||
| 260 | |a Barcelona : |b Consejo Superior de Investigaciones Científicas : |b Instituto Rodrigo Caro de Arqueología y Prehistoria : |b Diputación Provincial de Barcelona. Servicio de Investigaciones Arqueológicas, |c 1951 | ||
| 300 | |a 275 p. : |b il., [3] f. de làm. pleg. ; |c 17 cm | ||
| 590 | |a Existeix una edició en anglès i en alemany | ||
| 650 | |a Escala |x Arqueologia |9 23631 | ||
| 651 | 0 | |a Empúries (Ciutat antiga) |v Guies |9 54668 | |
| 651 | 0 | |a Empúries (Ciutat antiga) |x Història |9 55526 | |
| 710 | 1 | |a Barcelona (Catalunya : Província). |9 54957 |b Servicio de Investigaciones Arqueológicas | |
| 710 | 1 | |a Instituto Rodrigo Caro de Arqueología y Prehistoria |9 71151 | |
| 710 | 2 | |a Consejo Superior de Investigaciones Científicas (CSIC) (Espanya) |9 53988 | |
| 901 | |a Arxiu | ||
| 942 | |n 1 |2 udc |c MON | ||
| 952 | |0 0 |1 0 |4 0 |6 H1231 |7 1 |9 47197 |a Arxiu |b Arxiu |d 2016-12-01 |l 0 |o H-1-231 |p 7973 |r 2016-12-01 00:00:00 |w 2016-12-01 |y ARXIU | ||
| 999 | |c 50994 |d 50994 | ||